000 00701nam a22002053 4500
001 201218
010 _a972-21-1040-3
021 _aPT
_b96902/96
090 _a201218
100 _a20260312d u||y0pory50 ba
200 _aSida e desporto conhecimentos e preocupaė̳s de futebolistas portugueses acerca da sida
_fBasil Ribeiro
210 _aLisboa
_cCaminho
_dimp. 1996
215 _a173, [3] p.
_cil. ; brochado
_d21 cm
225 _aDesporto e tempos livres
_h16
606 _914416
_aDivertimentos pb͠licos. Espetc̀ulos. Cinema.Teatro. Danȧ. Jogos de mesa. Desportos
675 _a79
_vPT
_zpor
700 _916827
_aRibeiro
_bBasil
_f1960-
801 _aPT
_bBMMN
_gRPC
830 _cVanda
990 _cLIVROS